• 首页
  • 本馆介绍
  • 公告通知
  • 最新文献
  • 馆藏检索
  • 电子资源
  • 读者导购
  • 参考咨询
  • 我的图书馆
  • 登录
  • 详细信息显示
  • 放入我的书架
  • 预约/预借图书
  • 作者相关作品
  • 分类相关作品
  • 丛书相关作品
  • 出版社相关作品

书目信息

  • 表格格式
  • 工作单格式
  • 卡片格式
题名:
成人发展与老龄化
    
 
作者: 夏埃 , 威里斯 著 ;乐国安 译
分册:  
出版信息: 上海   华东师范大学出版社  2003
页数: 23,488页
开本: 23cm
丛书名: 当代心理科学名著译丛
单 册:
中图分类: B844.3 , B844.4
科图分类:
主题词: 成人心理学 , 老年心理学
电子资源:
ISBN: 7-5617-3210-4
000 01072oam2 2200301 450
001 1551990174
005 20150131142641.57
010    @a7-5617-3210-4@dCNY43.00
100    @a20030623d2003 em y0chiy50 ea
101 1  @achi@aeng
102    @aCN@b310000
105    @aa z 000yy
200 1  @a成人发展与老龄化@9cheng ren fa zhan yu lao ling hua@f( )K·W·夏埃(K.W.Schaie),( )S·L·威里斯(S.L.Willis)著@g乐国安等译
210    @a上海@c华东师范大学出版社@d2003
215    @a23,488页@c照片@d23cm
225 2  @a当代心理科学名著译丛
305    @a据原书第5版译出
330    @a本书旨在检验已有的研究证据,系统阐述有关成人发展和老龄化相对可信的结论。并在每一章节附有内容总结和解释性的陈述。
461  0 @12001 @a当代心理科学名著译丛
606 0  @a成人心理学
606 0  @a老年心理学
690    @aB844.3@v5
690    @aB844.4@v5
701  0 @c(美)@a夏埃@9xia ai@c(Schaie, K. Warner@f1928~)@4著
701  0 @c(美)@a威里斯@9wei li si@c(女,Willis, S.L.)@4著
702  0 @a乐国安@9yue guo an@f(1946~)@4译
801  0 @aCN@bTSSF@c20150131
905    @aZUCC@dB844.3@eJY3
    
    成人发展与老龄化/( )K·W·夏埃(K.W.Schaie),( )S·L·威里斯(S.L.Willis)著/乐国安等译.-上海:华东师范大学出版社,2003
    23,488页:照片;23cm.-(当代心理科学名著译丛)
    
    
    ISBN 7-5617-3210-4:CNY43.00
    本书旨在检验已有的研究证据,系统阐述有关成人发展和老龄化相对可信的结论。并在每一章节附有内容总结和解释性的陈述。
●
相关链接 在E读中查询图书 在五车中查询图书 在当当中查询图书 在豆瓣中查询图书


正题名:成人发展与老龄化     索取号:B844.3/JY3         预约/预借

序号 登录号 条形码 馆藏地/架位号 状态 备注
1 7857390   278573900   学院路分馆/ [索取号:B844.3/JY3] 在馆    
唐山师范学院图书馆 欢迎您!
大连网信软件有限公司© 版权所有